000 01466nam a2200373 i 4500
001 ELB70640
003 FlNmELB
005 20250326042635.0
006 m o u
007 cr cn|||||||||
008 190210s2017 ck o 001 0 spa d
020 _z9789587745061
020 _a9789587745092 (e-book)
040 _aFINmELB
_bspa
_erda
_cFINmELB
050 1 4 _aBD241
_bG984 2017
080 _a122
082 0 4 _a121.68
_223
100 1 _aGutiérrez Alemán, Carlos Bernardo.
245 1 0 _aObras reunidas de Carlos B. Gutiérrez.
_nvolumen I :
_bandanzas filosóficas : del Greenwich Village a Heidelberg /
_cCarlos B. Gutiérrez.
264 1 _aBogotá :
_bUniversidad de los Andes,
_c2017.
300 _a1 recurso en línea (265 páginas)
336 _atexto
_btxt
_2rdacontent/spa
337 _acomputadora
_bc
_bc
_2rdamedia/spa
338 _arecurso en línea
_bcr
_2rdacarrier/spa
500 _aContiene índice.
588 _aDescripción basada en recurso en línea; título de la página del título en PDF (elibro, visto el 10 de febrero de 2019).
590 _aRecurso electrónico. Santa Fe, Arg.: e-libro, 2019. Disponible vía World Wide Web. El acceso puede estar limitado para las bibliotecas afiliadas a e-libro.
650 0 _aHermeneutics.
650 4 _aHermenéutica.
655 4 _aLibros electrónicos.
797 2 _ae-libro, Corp.
035 _a(OCoLC)1105912506
856 4 0 _uhttps://elibro.net/ereader/usam/70640
999 _c132274
_d132274